[Event "Catalunya-chT Gp1"]
[Site "Barcelona"]
[Date "2024.02.10"]
[Round "4.2"]
[White "Guerra Mendez, Jose Angel"]
[Black "Iermito, Sebastian"]
[Result "1/2-1/2"]
[WhiteElo "2500"]
[BlackElo "2503"]
[PlyCount "55"]
[EventDate "2024.01.20"]
[EventType "team-tourn"]
[EventRounds "7"]
[EventCountry "ESP"]
[SourceTitle "CB11_2024"]
[SourceDate "2024.03.13"]
[SourceVersion "1"]
[SourceVersionDate "2024.03.13"]
[SourceQuality "1"]
[WhiteTeam "Cerdanyola Valles"]
[BlackTeam "Mollet"]
[WhiteTeamCountry "ESP"]
[BlackTeamCountry "ESP"]

1. e4 e5 2. Nc3 Nc6 3. Bc4 Nf6 4. d3 Na5 5. Nge2 Nxc4 6. dxc4 d6 7. 0-0 Be7 8. a4 a5 9. b3 0-0 10. Ng3 g6 11. Bh6 Re8 12. h3 Bf8 13. Qd2 Bxh6 14. Qxh6 Kh8 15. Qe3 Be6 16. c5 dxc5 17. Qxc5 Nd7 18. Qe3 c6 19. Rad1 Qe7 20. Rd2 Nb8 21. Rfd1 Na6 22. Nf1 Red8 23. Nh2 Rxd2 24. Qxd2 Kg7 25. Nf3 f6 26. Ne1 Rc8 27. Ne2 Qb4 28. Qe3 1/2-1/2

[Event "Catalunya-chT Gp1"]
[Site "Barcelona"]
[Date "2024.01.27"]
[Round "2.2"]
[White "Guerra Mendez, Jose Angel"]
[Black "Lazaro Pujol, Abel"]
[Result "1/2-1/2"]
[WhiteElo "2500"]
[BlackElo "2301"]
[PlyCount "134"]
[EventDate "2024.01.20"]
[EventType "team-tourn"]
[EventRounds "7"]
[EventCountry "ESP"]
[SourceTitle "CB11_2024"]
[SourceDate "2024.03.13"]
[SourceVersion "1"]
[SourceVersionDate "2024.03.13"]
[SourceQuality "1"]
[WhiteTeam "Cerdanyola Valles"]
[BlackTeam "Figueres"]
[WhiteTeamCountry "ESP"]
[BlackTeamCountry "ESP"]

1. d4 d5 2. Nf3 c5 3. e3 Nc6 4. Be2 Nf6 5. 0-0 e6 6. a3 a6 7. dxc5 Bxc5 8. b4 Bd6 9. Bb2 0-0 10. Nbd2 b5 11. Bd3 e5 12. e4 d4 13. Re1 Re8 14. Rc1 Bb7 15. Nb3 a5 16. bxa5 Nxa5 17. Bxb5 Re7 18. Nbd2 Qb6 19. a4 Bc5 20. Qe2 Ng4 21. Rf1 Bc6 22. Rb1 Bxb5 23. axb5 Rb8 24. Bc1 h6 25. Ne1 Nf6 26. Nd3 Bd6 27. Nf3 Kh7 28. Bd2 Nc4 29. Bb4 Rc8 30. Rfe1 Rec7 31. Bxd6 Qxd6 32. Rb3 Nd7 33. Ra1 Ncb6 34. Nfe1 Nc5 35. Nxc5 Rxc5 36. Ra6 Qb8 37. Qg4 Qb7 38. Rg3 g6 39. Qe2 Nc4 40. Rf6 Rxb5 41. h4 Rb1 42. Kh2 Rb6 43. Rxb6 Qxb6 44. h5 Qe6 45. Nf3 Nd6 46. hxg6+ fxg6 47. Qa6 Re8 48. Qb6 Nf7 49. Qb5 Nd6 50. Qa6 Re7 51. Qa8 Re8 52. Qa6 Re7 53. Qa8 Re8 54. Qa7+ Qe7 55. Qb6 Qe6 56. Qc7+ Re7 57. Qc6 Nf7 58. Qa8 Re8 59. Qb7 Re7 60. Qa8 Re8 61. Qa7 Re7 62. Qa8 Re8 63. Qa5 Nd6 64. Qb6 Re7 65. Qc6 Re8 66. Qc7+ Re7 67. Qc6 Re8 1/2-1/2

[Event "Titled Tuesday intern op 19th Sep Early"]
[Site "Chess.com INT"]
[Date "2023.09.19"]
[Round "8"]
[White "Guerra Mendez, Jose Angel"]
[Black "Bhagat, Kush"]
[Result "0-1"]
[WhiteElo "2500"]
[BlackElo "2209"]
[PlyCount "128"]
[EventDate "2023.09.19"]
[EventType "swiss (blitz)"]
[EventRounds "11"]
[EventCountry "USA"]
[SourceTitle "EXT 2024"]
[Source "ChessBase"]
[SourceDate "2023.10.10"]
[SourceVersion "1"]
[SourceVersionDate "2023.10.10"]
[SourceQuality "1"]

1. e4 c5 2. Nf3 d6 3. d4 cxd4 4. Nxd4 Nf6 5. Nc3 g6 6. Be3 Bg7 7. f3 0-0 8. Qd2 Nc6 9. g4 Nxd4 10. Bxd4 Be6 11. 0-0-0 Qa5 12. Kb1 Rfc8 13. a3 Rab8 14. g5 Nh5 15. Nd5 Qxd2 16. Rxd2 Bxd5 17. exd5 Bxd4 18. Rxd4 Rc5 19. Bh3 Kf8 20. Re1 b5 21. c3 a5 22. Re3 Ng7 23. Ka2 Ne8 24. f4 Nc7 25. Bg2 Na6 26. b4 axb4 27. axb4 Rc7 28. Kb3 Ra8 29. Bf1 Rb7 30. Rde4 Re8 31. Rd4 Nc7 32. Re2 Ra8 33. Ra2 Rxa2 34. Kxa2 Ra7+ 35. Kb2 Ra6 36. Rd1 Ke8 37. Kb3 Kd8 38. h4 e6 39. Bg2 Ke7 40. Bf3 f5 41. h5 e5 42. hxg6 hxg6 43. Rh1 e4 44. Rh7+ Kd8 45. Be2 Nxd5 46. Bxb5 Rb6 47. c4 Ne7 48. Ka4 e3 49. Rh2 d5 50. c5 Rb7 51. Ba6 Ra7 52. b5 d4 53. Ka5 d3 54. b6 Rxa6+ 55. Kxa6 d2 56. b7 Kc7 57. Ka7 Nc6+ 58. Ka8 d1Q 59. Rh7+ Kd8 60. Rh8+ Ke7 61. Rh7+ Kf8 62. b8Q+ Nxb8 63. Rh8+ Kg7 64. Rxb8 Qa4+ 0-1

[Event "Titled Tuesday intern op 19th Sep Early"]
[Site "Chess.com INT"]
[Date "2023.09.19"]
[Round "6"]
[White "Guerra Mendez, Jose Angel"]
[Black "Slate, Kent"]
[Result "1-0"]
[WhiteElo "2500"]
[BlackElo "1964"]
[PlyCount "97"]
[EventDate "2023.09.19"]
[EventType "swiss (blitz)"]
[EventRounds "11"]
[EventCountry "USA"]
[SourceTitle "EXT 2024"]
[Source "ChessBase"]
[SourceDate "2023.10.10"]
[SourceVersion "1"]
[SourceVersionDate "2023.10.10"]
[SourceQuality "1"]

1. e4 c5 2. Nf3 Nc6 3. d4 cxd4 4. Nxd4 Nf6 5. Nc3 e5 6. Ndb5 d6 7. Bg5 a6 8. Na3 b5 9. Nd5 Be7 10. Bxf6 Bxf6 11. c4 b4 12. Nc2 0-0 13. g3 g6 14. Bg2 a5 15. 0-0 Be6 16. Qd3 Bg7 17. Rad1 Qb8 18. b3 a4 19. Nde3 axb3 20. axb3 Nd4 21. Nxd4 exd4 22. Nc2 Rc8 23. Nxd4 Bd7 24. e5 dxe5 25. Bxa8 Qxa8 26. Nc2 Bh3 27. Qd5 Qa2 28. Nxb4 Qa3 29. Nc6 Bxf1 30. Kxf1 Bf6 31. b4 e4 32. b5 e3 33. Qd3 e2+ 34. Kxe2 Re8+ 35. Kf1 Qc5 36. Re1 Rf8 37. Kg2 Ra8 38. Qd5 Qb6 39. Ne7+ Kg7 40. Qxa8 Qc5 41. Qg8+ Kh6 42. Qf8+ Bg7 43. Ng8+ Kg5 44. Qxc5+ f5 45. h4+ Kh5 46. Qe7 Bh6 47. Qxh7 Kg4 48. Qxh6 f4 49. Qg5# 1-0

[Event "Titled Tuesday intern op 19th Sep Early"]
[Site "Chess.com INT"]
[Date "2023.09.19"]
[Round "3"]
[White "Guerra Mendez, Jose Angel"]
[Black "Tologontegin, Semetey"]
[Result "1-0"]
[WhiteElo "2500"]
[BlackElo "2368"]
[PlyCount "37"]
[EventDate "2023.09.19"]
[EventType "swiss (blitz)"]
[EventRounds "11"]
[EventCountry "USA"]
[SourceTitle "EXT 2024"]
[Source "ChessBase"]
[SourceDate "2023.10.10"]
[SourceVersion "1"]
[SourceVersionDate "2023.10.10"]
[SourceQuality "1"]

1. e4 c5 2. Nf3 e6 3. d4 cxd4 4. Nxd4 a6 5. c4 Nf6 6. Nc3 Bb4 7. Qd3 Qc7 8. a3 Bxc3+ 9. Qxc3 Nxe4 10. Nb5 axb5 11. Qxg7 Rf8 12. Bh6 Qc5 13. f3 Nf6 14. Qxf6 Rg8 15. cxb5 Qe7 16. Qc3 Nc6 17. Be3 Nb4 18. Rc1 Qh4+ 19. Bf2 1-0

[Event "Titled Tuesday intern op 19th Sep Early"]
[Site "Chess.com INT"]
[Date "2023.09.19"]
[Round "9"]
[White "Ozates, Tuna"]
[Black "Guerra Mendez, Jose Angel"]
[Result "1-0"]
[WhiteElo "2309"]
[BlackElo "2500"]
[PlyCount "121"]
[EventDate "2023.09.19"]
[EventType "swiss (blitz)"]
[EventRounds "11"]
[EventCountry "USA"]
[SourceTitle "EXT 2024"]
[Source "ChessBase"]
[SourceDate "2023.10.10"]
[SourceVersion "1"]
[SourceVersionDate "2023.10.10"]
[SourceQuality "1"]

1. e4 e5 2. Nf3 Nc6 3. Bc4 Bc5 4. c3 Nf6 5. d3 a6 6. a4 Ba7 7. 0-0 d6 8. Nbd2 0-0 9. h3 Be6 10. b4 h6 11. Re1 Re8 12. Bxe6 Rxe6 13. Qc2 Nh5 14. Nf1 g5 15. Ra2 Nf4 16. b5 Ne7 17. d4 Neg6 18. Ng3 Kh7 19. Nf5 Qf6 20. Nh2 Ree8 21. Ng4 Qh8 22. Ngxh6 Qf8 23. Ng4 Qh8 24. Be3 axb5 25. axb5 Bb6 26. Qb3 Re6 27. dxe5 dxe5 28. Bxb6 cxb6 29. Rd2 Rd8 30. Red1 Rxd2 31. Rxd2 Qe8 32. Qd1 Nh4 33. Rd8 Qxb5 34. Rh8+ Kxh8 35. Qd8+ Kh7 36. Qf8 Nxf5 37. exf5 Qe8 38. Nf6+ Rxf6 39. Qxe8 Rxf5 40. Qd7 Kg6 41. Qxb7 Rf6 42. Qe4+ Rf5 43. g4 Kf6 44. Qxf5+ Ke7 45. Qxe5+ Ne6 46. c4 f6 47. Qd5 b5 48. cxb5 Nf4 49. Qe4+ Ne6 50. b6 Kd6 51. Qxe6+ Kxe6 52. b7 Ke5 53. b8Q+ Ke6 54. Qg3 Kf7 55. Qf3 Kg6 56. Qf5+ Kg7 57. Kg2 Kf7 58. Kf3 Ke7 59. Ke4 Kf7 60. Kd5 Ke7 61. Qe6+ 1-0

[Event "Titled Tuesday intern op 12th Sep Early"]
[Site "Chess.com INT"]
[Date "2023.09.12"]
[Round "9"]
[White "Guerra Mendez, Jose Angel"]
[Black "Perez Gormaz, Matias Ariel"]
[Result "1-0"]
[WhiteElo "2500"]
[BlackElo "2391"]
[PlyCount "51"]
[EventDate "2023.09.12"]
[EventType "swiss (blitz)"]
[EventRounds "11"]
[EventCountry "USA"]
[SourceTitle "EXT 2024"]
[Source "ChessBase"]
[SourceDate "2023.10.10"]
[SourceVersion "1"]
[SourceVersionDate "2023.10.10"]
[SourceQuality "1"]

1. e4 c6 2. d4 d5 3. Nc3 dxe4 4. Nxe4 Nf6 5. Nxf6+ exf6 6. c3 Bd6 7. Bd3 0-0 8. Qc2 Re8+ 9. Ne2 h5 10. 0-0 Nd7 11. Bd2 Nf8 12. Rae1 Qc7 13. h3 Bd7 14. c4 b6 15. b4 Qb8 16. f4 g6 17. f5 g5 18. a3 Re7 19. Nc3 Nh7 20. Ne4 Bh2+ 21. Kh1 Kg7 22. Qd1 h4 23. Qg4 Kh8 24. Qh5 Kg7 25. Nxf6 Kxf6 26. Qh6# 1-0

[Event "Titled Tuesday intern op 12th Sep Early"]
[Site "Chess.com INT"]
[Date "2023.09.12"]
[Round "5"]
[White "Pakhomova, Ekaterina"]
[Black "Guerra Mendez, Jose Angel"]
[Result "1/2-1/2"]
[WhiteElo "2030"]
[BlackElo "2500"]
[PlyCount "162"]
[EventDate "2023.09.12"]
[EventType "swiss (blitz)"]
[EventRounds "11"]
[EventCountry "USA"]
[SourceTitle "EXT 2024"]
[Source "ChessBase"]
[SourceDate "2023.10.10"]
[SourceVersion "1"]
[SourceVersionDate "2023.10.10"]
[SourceQuality "1"]

1. e4 e5 2. Nf3 Nc6 3. Bc4 Bc5 4. 0-0 Nf6 5. d4 Bxd4 6. Nxd4 Nxd4 7. f4 d6 8. fxe5 dxe5 9. Bg5 Rg8 10. Nc3 c6 11. Bxf6 gxf6 12. Qh5 Be6 13. Bxe6 Nxe6 14. Qxh7 Ke7 15. Rad1 Qb6+ 16. Kh1 Rg7 17. Qh4 Rg6 18. b3 Rag8 19. Ne2 Rg5 20. Ng3 Qc5 21. Nf5+ Rxf5 22. Rxf5 Rg6 23. Rdf1 Qxc2 24. R5f2 Qd3 25. Rxf6 Kd6 26. Rxg6 fxg6 27. Qf2 Qxe4 28. Re1 Qd5 29. Qe2 Kc7 30. Qxe5+ Qxe5 31. Rxe5 Kd6 32. Ra5 a6 33. h4 c5 34. g4 Nf4 35. Kh2 Ne2 36. Kh3 Nd4 37. h5 gxh5 38. gxh5 Ne6 39. h6 Kc6 40. h7 Ng5+ 41. Kg4 Nxh7 42. Ra4 Nf6+ 43. Kf3 Nd5 44. Rg4 Nb4 45. a3 Nc2 46. Rg6+ Kb5 47. Ke4 Nxa3 48. Ke3 Nc2+ 49. Kd3 Nd4 50. Kc3 b6 51. Rf6 a5 52. Rg6 Nc6 53. Rf6 Nb4 54. Re6 Nd5+ 55. Kb2 Nf4 56. Rf6 Nd5 57. Rd6 Nb4 58. Kc3 Nc6 59. Rh6 Nd4 60. Kb2 Ka6 61. Rg6 Kb5 62. Kc3 Nc6 63. Rh6 Nb4 64. Kb2 Nd5 65. Rg6 c4 66. Rg5 Kc5 67. bxc4 Kxc4 68. Rg4+ Kc5 69. Rg5 b5 70. Kb3 a4+ 71. Ka3 Kc4 72. Rg4+ Kc3 73. Rg3+ Kd4 74. Rg4+ Kd3 75. Rg3+ Ne3 76. Kb4 Ke4 77. Kxb5 a3 78. Rg1 Nc2 79. Kc4 a2 80. Kb3 a1Q 81. Rxa1 Nxa1+ 1/2-1/2

[Event "Catalunya-chT Gp2 Final"]
[Site "Barcelona"]
[Date "2023.03.25"]
[Round "3.1"]
[White "Miranda Mesa, Elier"]
[Black "Guerra Mendez, Jose Angel"]
[Result "1/2-1/2"]
[WhiteElo "2515"]
[BlackElo "2500"]
[PlyCount "26"]
[EventDate "2023.03.11"]
[EventType "team-k.o."]
[EventRounds "4"]
[EventCountry "ESP"]
[SourceTitle "EXT 2024"]
[Source "ChessBase"]
[SourceDate "2023.10.10"]
[SourceVersion "1"]
[SourceVersionDate "2023.10.10"]
[SourceQuality "1"]
[WhiteTeam "Badalona Cor de Marina"]
[BlackTeam "Cerdanyola Valles"]
[WhiteTeamCountry "ESP"]
[BlackTeamCountry "ESP"]

1. e4 c5 2. Nf3 Nc6 3. d4 cxd4 4. Nxd4 g6 5. c4 Nf6 6. Nc3 d6 7. Be2 Nxd4 8. Qxd4 Bg7 9. Be3 0-0 10. Qd2 Be6 11. 0-0 Qa5 12. Rfc1 Nxe4 13. Nxe4 Qxd2 1/2-1/2

[Event "Catalunya-chT Gp2 Final"]
[Site "Barcelona"]
[Date "2023.03.11"]
[Round "1.1"]
[White "Henderson de la Fuente, Lance"]
[Black "Guerra Mendez, Jose Angel"]
[Result "1/2-1/2"]
[WhiteElo "2506"]
[BlackElo "2500"]
[PlyCount "24"]
[EventDate "2023.03.11"]
[EventType "team-k.o."]
[EventRounds "4"]
[EventCountry "ESP"]
[SourceTitle "EXT 2024"]
[Source "ChessBase"]
[SourceDate "2023.10.10"]
[SourceVersion "1"]
[SourceVersionDate "2023.10.10"]
[SourceQuality "1"]
[WhiteTeam "Andorra"]
[BlackTeam "Cerdanyola Valles"]
[WhiteTeamCountry "AND"]
[BlackTeamCountry "ESP"]

1. d4 Nf6 2. Nf3 g6 3. Nbd2 Bg7 4. e4 0-0 5. Bd3 c5 6. c3 d5 7. e5 Nh5 8. 0-0 cxd4 9. cxd4 Nf4 10. Bc2 f6 11. exf6 Bxf6 12. Nb3 Bg7 1/2-1/2

[Event "Catalunya-chT Gp2"]
[Site "Barcelona"]
[Date "2023.01.28"]
[Round "2.1"]
[White "Guerra Mendez, Jose Angel"]
[Black "Gines Esteo, Pedro Antonio"]
[Result "1/2-1/2"]
[WhiteElo "2497"]
[BlackElo "2505"]
[PlyCount "70"]
[EventDate "2023.01.21"]
[EventType "team-tourn"]
[EventRounds "7"]
[EventCountry "ESP"]
[SourceTitle "CBM 213 Extra"]
[Source "ChessBase"]
[SourceDate "2023.05.31"]
[SourceVersion "1"]
[SourceVersionDate "2023.05.31"]
[SourceQuality "1"]
[WhiteTeam "Cerdanyola Valles"]
[BlackTeam "Barcelona Escacs CC"]
[WhiteTeamCountry "ESP"]
[BlackTeamCountry "ESP"]

1. e4 c6 2. d4 d5 3. Nc3 dxe4 4. Nxe4 Bf5 5. Ng3 Bg6 6. Nf3 Nd7 7. Bd3 Bxd3 8. Qxd3 e6 9. 0-0 Ngf6 10. Re1 Be7 11. c4 0-0 12. Bd2 Re8 13. Bc3 Qb6 14. Ne5 Rad8 15. Qf3 Qc7 16. Rad1 a6 17. h3 Nxe5 18. dxe5 Rxd1 19. Rxd1 Nd7 20. Ne4 Nxe5 21. Qg3 f6 22. Bxe5 fxe5 23. Qg4 Qc8 24. Qh5 Rf8 25. Qxe5 Bf6 26. Nxf6+ gxf6 27. Qd6 Rf7 28. Rd3 e5 29. Rf3 Kg7 30. Qd2 Qd7 31. Rg3+ Kh8 32. Rd3 Qf5 33. Rf3 Qd7 34. Rd3 Qf5 35. Rf3 Qd7 1/2-1/2

[Event "Catalunya-chT Relegation"]
[Site "Barcelona"]
[Date "2022.03.26"]
[Round "1.1"]
[White "Guerra Mendez, Jose Angel"]
[Black "Valle Maytin, Luis Enrique"]
[Result "1/2-1/2"]
[WhiteElo "2509"]
[BlackElo "2272"]
[PlyCount "102"]
[EventDate "2022.03.26"]
[EventType "team-tourn"]
[EventRounds "2"]
[EventCountry "ESP"]
[SourceTitle "CBM 208 Extra"]
[Source "ChessBase"]
[SourceDate "2022.07.31"]
[SourceVersion "1"]
[SourceVersionDate "2022.07.31"]
[SourceQuality "1"]
[WhiteTeam "Cerdanyola Valles"]
[BlackTeam "Gerunda"]
[WhiteTeamCountry "ESP"]
[BlackTeamCountry "ESP"]

1. e4 c6 2. d4 d5 3. Nc3 dxe4 4. Nxe4 Nf6 5. Nxf6+ exf6 6. Bc4 Bd6 7. Qe2+ Qe7 8. Qxe7+ Kxe7 9. Ne2 Na6 10. Bxa6 bxa6 11. Bf4 Bb4+ 12. Bd2 Bd6 13. c4 Be6 14. b3 Rhd8 15. Ba5 Rd7 16. Rd1 Ke8 17. f3 h5 18. Kf2 Rc8 19. g3 Re7 20. Rhe1 f5 21. f4 f6 22. Nc3 Bd7 23. h4 Rxe1 24. Rxe1+ Kf7 25. Na4 Re8 26. Rxe8 Kxe8 27. Nc5 Bc8 28. Nd3 Bb7 29. Bb4 Bb8 30. Ke3 Kf7 31. Nc5 Bc8 32. d5 cxd5 33. cxd5 g5 34. Nd3 Bc7 35. Bc5 gxh4 36. gxh4 Bb7 37. Kd4 Bb8 38. Bb4 Bc7 39. Bc5 Bb8 40. a4 Ke8 41. Bb4 Bc7 42. d6 Bb8 43. Nb2 Kd7 44. Nc4 Be4 45. Bc5 Kc6 46. b4 Kd7 47. a5 Ke6 48. Kc3 Bc6 49. Kd4 Be4 50. Nd2 Bg2 51. Nc4 Be4 1/2-1/2

[Event "Catalunya-chT Gp1"]
[Site "Barcelona"]
[Date "2020.02.29"]
[Round "7.1"]
[White "Panelo Munoz, Marcelo A"]
[Black "Guerra Mendez, Jose Angel"]
[Result "1/2-1/2"]
[WhiteElo "2327"]
[BlackElo "2522"]
[PlyCount "133"]
[EventDate "2020.01.18"]
[EventType "team-tourn"]
[EventRounds "7"]
[EventCountry "ESP"]
[SourceTitle "CBM 195 Extra"]
[Source "ChessBase"]
[SourceDate "2020.05.31"]
[SourceVersion "1"]
[SourceVersionDate "2020.05.31"]
[SourceQuality "1"]
[WhiteTeam "Tres Peons"]
[BlackTeam "Cerdanyola Valles"]
[WhiteTeamCountry "ESP"]
[BlackTeamCountry "ESP"]

1. d4 d5 2. Nf3 Nf6 3. c4 dxc4 4. e3 e6 5. Bxc4 c5 6. 0-0 a6 7. Bd3 Nc6 8. Nc3 cxd4 9. exd4 Be7 10. Bg5 0-0 11. Re1 Bd7 12. a3 Rc8 13. Bc2 Nd5 14. Nxd5 exd5 15. Bxe7 Nxe7 16. Rc1 h6 17. h3 Re8 18. Ne5 Be6 19. Qd3 Bf5 20. Qb3 Bxc2 21. Rxc2 Rxc2 22. Qxc2 Nc6 23. Qd2 Qa5 24. Qxa5 Nxa5 25. Rc1 f6 26. Nd3 Nc4 27. Nf4 Rd8 28. Nxd5 Nxb2 29. Ne7+ Kf8 30. Rc7 b5 31. Ng6+ Kg8 32. Ne7+ Kh8 33. Ra7 Rxd4 34. Rxa6 Rd7 35. Ng6+ Kg8 36. Rb6 Nc4 37. Rxb5 Nxa3 38. Rb8+ Kf7 39. Nh4 Nc4 40. Nf3 Nd6 41. Rb4 Rc7 42. Rd4 Nf5 43. Rd5 Ne7 44. Rd1 h5 45. h4 Nf5 46. Rd5 g6 47. Rd1 Nh6 48. Nh2 Rc4 49. g3 Ke6 50. Kg2 Ra4 51. Re1+ Kd6 52. Rd1+ Ke7 53. Re1+ Kf7 54. Rb1 Ra7 55. Rc1 Rd7 56. Ra1 Nf5 57. Nf3 Rc7 58. Ra6 Nh6 59. Nh2 Rd7 60. Rb6 Re7 61. Ra6 Re6 62. Ra7+ Re7 63. Ra4 Rd7 64. Ra3 Re7 65. Ra5 Rd7 66. Ra6 Re7 67. Ra5 1/2-1/2

[Event "Catalunya-chT Gp1"]
[Site "Barcelona"]
[Date "2020.01.18"]
[Round "1.1"]
[White "Guerra Mendez, Jose Angel"]
[Black "Jerez Perez, Alfonso"]
[Result "1-0"]
[WhiteElo "2522"]
[BlackElo "2387"]
[PlyCount "105"]
[EventDate "2020.01.18"]
[EventType "team-tourn"]
[EventRounds "7"]
[EventCountry "ESP"]
[SourceTitle "CBM 194 Extra"]
[Source "ChessBase"]
[SourceDate "2020.03.31"]
[SourceVersion "1"]
[SourceVersionDate "2020.03.31"]
[SourceQuality "1"]
[WhiteTeam "Cerdanyola Valles"]
[BlackTeam "Foment Martinenc"]
[WhiteTeamCountry "ESP"]
[BlackTeamCountry "ESP"]

1. c4 Nf6 2. Nc3 d5 3. cxd5 Nxd5 4. g3 g6 5. Bg2 Nb6 6. Nf3 Bg7 7. 0-0 Nc6 8. d3 0-0 9. Be3 e5 10. Qd2 Nd4 11. Bh6 Re8 12. Rac1 c6 13. Bxg7 Kxg7 14. Ne4 Nxf3+ 15. Bxf3 Qe7 16. b4 Be6 17. Nc5 Bd5 18. e4 Be6 19. Qb2 Bh3 20. Bg2 Bxg2 21. Kxg2 Rab8 22. f4 Kg8 23. fxe5 Qxe5 24. d4 Qe7 25. e5 Nd5 26. Rf3 f5 27. exf6 Nxf6 28. Rcf1 Nd5 29. Qf2 Rf8 30. Rxf8+ Rxf8 31. Qxf8+ Qxf8 32. Rxf8+ Kxf8 33. a3 b6 34. Nd7+ Kg7 35. Kf3 Nc3 36. Ne5 Nb5 37. Nxc6 Nxa3 38. Nxa7 Kf6 39. Ke4 Ke6 40. Kd3 Kd6 41. Nc8+ Kc7 42. Ne7 Kd6 43. Ng8 Ke6 44. Nh6 b5 45. Ng4 Nc4 46. Ne3 Nd6 47. g4 h6 48. h4 Kf6 49. Ke2 Ke6 50. Kf3 Kf6 51. Nd5+ Ke6 52. Nc3 Kf6 53. Ne4+ 1-0

[Event "Catalunya-ch"]
[Site "Vila Seca"]
[Date "2019.04.20"]
[Round "5"]
[White "Esplugas Esteve, Vicenc"]
[Black "Guerra Mendez, Jose Angel"]
[Result "1/2-1/2"]
[WhiteElo "2297"]
[BlackElo "2531"]
[PlyCount "91"]
[EventDate "2019.04.18"]
[EventType "swiss"]
[EventRounds "8"]
[EventCountry "ESP"]
[SourceTitle "CBM 189 Extra"]
[Source "ChessBase"]
[SourceDate "2019.06.03"]
[SourceVersion "1"]
[SourceVersionDate "2019.06.03"]
[SourceQuality "1"]

1. d4 Nf6 2. c4 g6 3. Nc3 Bg7 4. e4 d6 5. Nf3 0-0 6. Be2 e5 7. 0-0 exd4 8. Nxd4 Re8 9. f3 c6 10. Kh1 Nbd7 11. Bg5 Qb6 12. Nb3 a5 13. Na4 Qb4 14. Nc1 Nc5 15. Nxc5 dxc5 16. Qc2 Nd7 17. Nd3 Qb6 18. f4 Rxe4 19. Ne5 Rd4 20. Nf3 Rd6 21. f5 Nf8 22. f6 Bxf6 23. Bxf6 Rxf6 24. Qc3 Qd8 25. Rad1 Qe7 26. Bd3 Be6 27. Rfe1 Rf4 28. Qe5 Qf6 29. Qxc5 Qxb2 30. Ng5 Qd4 31. Qe7 Qd8 32. Qxb7 Qc8 33. Qe7 Rb8 34. Qd6 Rh4 35. Nf3 Rh5 36. Ne5 Rb2 37. Be2 Rxe5 38. Qxe5 Rxa2 39. Ra1 Rc2 40. Bd3 Rd2 41. Qc3 Rf2 42. Rxa5 Qd8 43. Be4 Qh4 44. Bxc6 Rc2 45. Qe3 Qxc4 46. Bf3 1/2-1/2

[Event "Catalunya-chT Gp2"]
[Site "Barcelona"]
[Date "2019.02.16"]
[Round "5.1"]
[White "Vidal Zamora, Alex"]
[Black "Guerra Mendez, Jose Angel"]
[Result "1/2-1/2"]
[WhiteElo "2421"]
[BlackElo "2531"]
[PlyCount "38"]
[EventDate "2019.01.19"]
[EventType "team-tourn"]
[EventRounds "7"]
[EventCountry "ESP"]
[SourceTitle "CBM 189 Extra"]
[Source "ChessBase"]
[SourceDate "2019.06.03"]
[SourceVersion "1"]
[SourceVersionDate "2019.06.03"]
[SourceQuality "1"]
[WhiteTeam "Olot"]
[BlackTeam "Cerdanyola Valles"]
[WhiteTeamCountry "ESP"]
[BlackTeamCountry "ESP"]

1. d4 Nf6 2. c4 e6 3. Nf3 b6 4. g3 Bb7 5. Bg2 Be7 6. 0-0 0-0 7. Re1 d6 8. Nc3 Nbd7 9. e4 e5 10. b3 Re8 11. Bb2 Bf8 12. Qc2 c6 13. Rad1 Qc7 14. a4 a6 15. d5 c5 16. Rc1 g6 17. Nd1 Nh5 18. Qd2 Bh6 19. Ne3 Rf8 1/2-1/2

[Event "Catalunya-chT Gp2"]
[Site "Barcelona"]
[Date "2019.02.02"]
[Round "3.1"]
[White "Perez Mitjans, Orelvis"]
[Black "Guerra Mendez, Jose Angel"]
[Result "1/2-1/2"]
[WhiteElo "2386"]
[BlackElo "2531"]
[PlyCount "48"]
[EventDate "2019.01.19"]
[EventType "team-tourn"]
[EventRounds "7"]
[EventCountry "ESP"]
[SourceTitle "CBM 188 Extra"]
[Source "ChessBase"]
[SourceDate "2019.02.26"]
[SourceVersion "1"]
[SourceVersionDate "2019.02.26"]
[SourceQuality "1"]
[WhiteTeam "Sant Josep de Badalona"]
[BlackTeam "Cerdanyola Valles"]
[WhiteTeamCountry "ESP"]
[BlackTeamCountry "ESP"]

1. e4 e5 2. Nf3 Nc6 3. Bb5 a6 4. Ba4 Nf6 5. 0-0 Be7 6. d3 b5 7. Bb3 d6 8. a3 0-0 9. Nc3 Bg4 10. Be3 Nd4 11. Bxd4 exd4 12. Nd5 c5 13. a4 Be6 14. Nxe7+ Qxe7 15. Bxe6 Qxe6 16. Qd2 Qd7 17. axb5 axb5 18. Ra5 b4 19. Rfa1 Qb7 20. b3 Rxa5 21. Rxa5 Ra8 22. Rxa8+ Qxa8 23. h3 Ne8 24. e5 Qd8 1/2-1/2

[Event "Barcelona Masters rapid"]
[Site "Barcelona"]
[Date "2018.10.14"]
[Round "8.5"]
[White "Guerra Mendez, Jose Angel"]
[Black "Krysa, Leandro Sergio"]
[Result "1-0"]
[WhiteElo "2534"]
[BlackElo "2503"]
[PlyCount "127"]
[EventDate "2018.10.14"]
[EventType "schev (rapid)"]
[EventRounds "10"]
[EventCountry "ESP"]
[SourceTitle "CBM 186 Extra"]
[Source "ChessBase"]
[SourceDate "2018.08.24"]
[SourceVersion "1"]
[SourceVersionDate "2018.08.24"]
[SourceQuality "1"]
[WhiteTeam "Catalunya"]
[BlackTeam "Argentina"]
[WhiteTeamCountry "CAT"]
[BlackTeamCountry "ARG"]

1. e4 e5 2. Nf3 Nc6 3. d4 exd4 4. Nxd4 Nf6 5. Nc3 Bc5 6. Nxc6 bxc6 7. Bd3 0-0 8. 0-0 Re8 9. h3 Rb8 10. Na4 Bf8 11. Qf3 d5 12. exd5 cxd5 13. Bg5 Bd7 14. Nc3 c6 15. b3 h6 16. Bxf6 Qxf6 17. Qxf6 gxf6 18. Ne2 Re5 19. Rfe1 Rbe8 20. Kf1 Ba3 21. Rad1 Kg7 22. c3 a5 23. f4 Re3 24. Nd4 Bc5 25. Rxe3 Rxe3 26. Kf2 Re8 27. Re1 Rb8 28. Kf3 a4 29. bxa4 Rb2 30. Re2 Rb7 31. Nf5+ Bxf5 32. Bxf5 Ra7 33. Bc2 Bb6 34. Bb3 Ba5 35. c4 d4 36. Ke4 Re7+ 37. Kd3 Rxe2 38. Kxe2 c5 39. Bc2 Kf8 40. Kf3 Ke7 41. Kg4 Kf8 42. Kf5 Ke7 43. Kg4 Kf8 44. Bd3 Bb4 45. Kf5 Ke7 46. g4 Be1 47. Be2 Ba5 48. h4 Bd2 49. h5 Bc3 50. g5 fxg5 51. fxg5 hxg5 52. Kxg5 Bd2+ 53. Kf5 Kf8 54. Ke5 Bc3 55. Kd5 f5 56. Kxc5 f4 57. Kb5 Ke7 58. a5 Kd6 59. a6 Kc7 60. Bd3 f3 61. a7 Kb7 62. h6 f2 63. h7 f1Q 64. a8Q+ 1-0